MARC details
| 000 -LEADER |
| campo de control de longitud fija |
03223cam a22004935a 4500 |
| 001 - NÚMERO DE CONTROL |
| campo de control |
13592104 |
| 003 - IDENTIFICADOR DE NÚMERO DE CONTROL |
| campo de control |
BJBSDDR |
| 005 - FECHA Y HORA DE LA ÚLTIMA TRANSACCIÓN |
| campo de control |
20230914130141.0 |
| 007 - CAMPO FIJO DE DESCRIPCIÓN FÍSICA--INFORMACIÓN GENERAL |
| campo de control de longitud fija |
ta |
| 008 - DATOS DE LONGITUD FIJA--INFORMACIÓN GENERAL |
| campo de control de longitud fija |
040513s1995 nyua b 001 0 eng d |
| 010 ## - NÚMERO DE CONTROL DE LA BIBLIOTECA DEL CONGRESO |
| Número de control de LC |
2004272693 |
| 020 ## - NÚMERO INTERNACIONAL ESTÁNDAR DEL LIBRO |
| Número Internacional Estándar del Libro |
9780439280389 |
| 020 ## - NÚMERO INTERNACIONAL ESTÁNDAR DEL LIBRO |
| Número Internacional Estándar del Libro |
0439280389 |
| 035 ## - NÚMERO DE CONTROL DEL SISTEMA |
| Número de control de sistema |
(OCoLC)ocm51480866 |
| 040 ## - FUENTE DE CATALOGACIÓN |
| Centro catalogador/agencia de origen |
XSN |
| Centro/agencia transcriptor |
XSN |
| Centro/agencia modificador |
UV$ |
| -- |
OCLCQ |
| -- |
DLC |
| Lengua de catalogación |
eng |
| 041 ## - CÓDIGO DE IDIOMA |
| Código de lengua del texto/banda sonora o título independiente |
eng |
| 042 ## - CÓDIGO DE AUTENTICACIÓN |
| Código de autenticación |
lccopycat |
| 050 14 - SIGNATURA TOPOGRÁFICA DE LA BIBLIOTECA DEL CONGRESO |
| Número de clasificación |
LB 1576 |
| Número de ítem |
C967s 1995 |
| 100 1# - ENTRADA PRINCIPAL--NOMBRE DE PERSONA |
| Nombre de persona |
Culham, Ruth. |
| 9 (RLIN) |
29825 |
| 245 10 - MENCIÓN DEL TÍTULO |
| Título |
6 + 1 traits of writing : |
| Resto del título |
the complete guide grades 3 and up / |
| Mención de responsabilidad, etc. |
by Ruth Culham. |
| 246 3# - FORMA VARIANTE DEL TITULO |
| Título propio/Titulo breve |
6+1 traits of writing |
| 246 3# - FORMA VARIANTE DEL TITULO |
| Título propio/Titulo breve |
Six + one traits of writing |
| 246 3# - FORMA VARIANTE DEL TITULO |
| Título propio/Titulo breve |
Six plus one traits of writing |
| 260 ## - PUBLICACIÓN, DISTRIBUCIÓN, ETC. |
| Lugar de publicación, distribución, etc. |
New York : |
| Nombre del editor, distribuidor, etc. |
Scholastic Professional Books, |
| Fecha de publicación, distribución, etc. |
1995 |
| 300 ## - DESCRIPCIÓN FÍSICA |
| Extensión |
304 pages : |
| Otras características físicas |
illustrations ; |
| Dimensiones |
24 cm. |
| 490 1# - MENCIÓN DE SERIE |
| Mención de serie |
Theory and practice |
| 500 ## - NOTA GENERAL |
| Nota general |
"Everything you need to teach and assess student writing with this powerful model"--Cover. |
| 500 ## - NOTA GENERAL |
| Nota general |
"Foreword by Beverly Ann Chin"--Cover. |
| 504 ## - NOTA DE BIBLIOGRAFÍA, ETC. |
| Nota de bibliografía, etc. |
Includes bibliographical references (p. 261-263) and index. |
| 505 0# - NOTA DE CONTENIDO CON FORMATO |
| Nota de contenido con formato |
The traits : a vocabulary for writers<br/>The weave of assessment and instruction<br/>Ideas : digging for sapphires<br/>Organization : herding cats<br/>Voice : finding the golden thread<br/>Word choice : learning the lingo<br/>Sentence fluency : listening to the page<br/>Conventions : minding your table manners<br/>Presentation : rolling out the welcome mat<br/>Appendix A : 6 + 1 TRAITS analytic writing assessment continuum<br/>Appendix B : student-friendly scoring guides<br/>Appendix C : tips on traits<br/>Appendix D : practice papers for scoring the traits |
| 520 ## - RESUMEN, ETC. |
| Sumario, etc. |
In 6+1 Traits of Writing: The Complete Guide: Grades 3 and Up, I outline how the 6+1 TRAIT model is more than an approach to teaching and assessing writing. It’s a vocabulary that teachers use to describe their vision of what good writing looks like—any kind of writing. Whether it’s a story about a quirky music teacher, an essay on the effects of global warming, or a persuasive piece on why Harry Potter books should be in every school library, certain characteristics—or traits—make the writing work: ideas, organization, voice, word choice, sentence fluency, conventions, and presentation. Using the language of the 6+1 TRAIT model in our assessments gives us a shared vocabulary for speaking about and working with texts that students create. |
| 650 #0 - PUNTO DE ACCESO ADICIONAL DE MATERIA--TÉRMINO DE MATERIA |
| Término de materia o nombre geográfico como elemento de entrada |
Language arts (Elementary) |
| 650 #4 - PUNTO DE ACCESO ADICIONAL DE MATERIA--TÉRMINO DE MATERIA |
| Término de materia o nombre geográfico como elemento de entrada |
Artes del lenguaje |
| Subdivisión general |
Enseñanza primaria |
| 9 (RLIN) |
29146 |
| 650 #0 - PUNTO DE ACCESO ADICIONAL DE MATERIA--TÉRMINO DE MATERIA |
| Término de materia o nombre geográfico como elemento de entrada |
English language |
| Subdivisión general |
Composition and exercises. |
| 650 #4 - PUNTO DE ACCESO ADICIONAL DE MATERIA--TÉRMINO DE MATERIA |
| Término de materia o nombre geográfico como elemento de entrada |
Inglés |
| Subdivisión general |
Composición y ejercicios |
| 9 (RLIN) |
1592 |
| 700 1# - ENTRADA AGREGADA--NOMBRE PERSONAL |
| Nombre de persona |
Chin, Beverly Ann |
| 9 (RLIN) |
32269 |
| Término indicativo de función/relación |
foreword |
| 830 #0 - PUNTO DE ACCESO ADICIONAL DE SERIE-TÍTULO UNIFORME |
| Título uniforme |
Theory and practice (New York, N.Y.) |
| 9 (RLIN) |
32268 |
| 856 42 - LOCALIZACIÓN Y ACCESO ELECTRÓNICOS |
| Materiales especificados |
Book review (Education Review) |
| Identificador Uniforme de Recursos |
<a href="http://edrev.asu.edu/reviews/rev260.htm">http://edrev.asu.edu/reviews/rev260.htm</a> |
| 856 42 - LOCALIZACIÓN Y ACCESO ELECTRÓNICOS |
| Materiales especificados |
Publisher description |
| Identificador Uniforme de Recursos |
<a href="http://www.loc.gov/catdir/enhancements/fy1106/2004272693-d.html">http://www.loc.gov/catdir/enhancements/fy1106/2004272693-d.html</a> |
| 856 42 - LOCALIZACIÓN Y ACCESO ELECTRÓNICOS |
| Materiales especificados |
Contributor biographical information |
| Identificador Uniforme de Recursos |
<a href="http://www.loc.gov/catdir/enhancements/fy1106/2004272693-b.html">http://www.loc.gov/catdir/enhancements/fy1106/2004272693-b.html</a> |
| 906 ## - ELEMENTOS DE DATOS F LOCAL, LDF (RLIN) |
| a |
7 |
| b |
cbc |
| c |
copycat |
| d |
2 |
| e |
ncip |
| f |
20 |
| g |
y-gencatlg |
| 942 ## - ELEMENTOS DE ENTRADA SECUNDARIOS (KOHA) |
| Fuente del sistema de clasificación o colocación |
Clasificación de Library of Congress |
| Tipo de ítem Koha |
Libro |